000 00334nam a2200133Ia 4500
005 20251222144657.0
008 251222s9999||||xx |||||||||||||| ||spa||
020 _a84-313-2073-7
082 _a276.9/P45
100 _aPérez-Latre, Francisco J.
245 0 _aLos nuevos areópagos:
264 _bUniversidad de Navarra
942 _cLIB
999 _c17303
_d17303